| 000 | 00519nam a2200169 i 4500 | ||
|---|---|---|---|
| 001 | 40650 | ||
| 003 | ES-MaACL | ||
| 005 | 20230906160259.0 | ||
| 007 | t| | ||
| 008 | 030306s1969 sp ||||1| spa d | ||
| 100 | 1 |
_aCappelli, Salvato. _934897 |
|
| 245 | 1 | 3 |
_aLa crónica de Dios / _cSalvato Cappelli ; traductor: Alejandro Trabal y Casas. |
| 260 |
_aBarcelona, etc. : _bPlaza y Janés, _c[1969] |
||
| 300 |
_a318 p. ; _c19 cm. |
||
| 700 | 1 |
_aTrabal y Casas, Alejandro. _9111200 |
|
| 852 |
_aES-MaACL _jC-51530 _bR.71158 |
||
| 999 |
_c40650 _d40650 |
||